| 000 | 00647cam a2200265 4500 | ||
|---|---|---|---|
| 001 | J2769 | ||
| 008 | 090401t1994 xxu||||| |||| 00| 0 eng d | ||
| 035 | _a(Sirsi) u51121 | ||
| 041 | _aeng | ||
| 050 | _a333.337 | ||
| 110 |
_aKing Sturge and Co. _9305 |
||
| 245 | _aProperty 1994. | ||
| 260 |
_aLondon _bKing Sturge & Co. _c1994 |
||
| 300 | _a48p. : ill. ; 30cm. | ||
| 350 | _a0 | ||
| 650 | _aINDUSTRIAL PROPERTY | ||
| 650 | _aOFFICES | ||
| 650 | _aPROPERTY INVESTMENT | ||
| 650 | _aPROPERTY MARKET | ||
| 650 | _aRETAIL PROPERTY | ||
| 650 | _aSHOPS | ||
| 690 | _aPROPERTY-COMMERCIAL PROPERTY | ||
| 942 | _n0 | ||
| 948 | _c04/03/1997 | ||
| 999 |
_c92821 _d92821 |
||